000 00343nam a22001337a 4500
999 _c12414
_d12414
020 _a9781861520487
082 _a330
100 _a Malcolm Greenwood, Martin Carter
245 _aBusiness Economics
_bConcepts and cases
260 _aUK
_bThomson Learning
_c1997
300 _a304 pages
490 _aElements of Business Series
942 _cBK